Former Official Names of Serbia - Statistics

General Stats
  • This quiz has been taken 184 times
  • The average score is 8 of 12
Answer Stats
Hint Answer % Correct
1943-1945 Democratic Federal Yugoslavia
95%
1945-1963 Federal People's Republic of Yugoslavia
95%
1992-2003 Federal Republic of Yugoslavia
95%
1929-1941 Kingdom of Yugoslavia
95%
1963-1992 Socialist Federal Republic of Yugoslavia
95%
2006-present Republic of Serbia
80%
2003-2006 State Union of Serbia and Montenegro
76%
1882-1918 Kingdom of Serbia
65%
1815-1882 Principality of Serbia
37%
1918-1929 Kingdom of Serbs, Croats and Slovenes
31%
1941-1944 Territory of the Military Commander in Serbia
14%
1804-1813 Revolutionary Serbia
12%
No matching quizzes found
Score Distribution
Percent of People with Each Score
Percentile by Number Answered
Your Score History
You have not taken this quiz